000 00189nam a22000857a 4500
082 _a425
100 _aCBSE
245 _aINTERACT IN ENGLISH TEACHERS BOOK FOR ENGLISH COMMUNICATIVE
942 _cBK
999 _c8458
_d8458